| 000 | 00575cam a2200205 4500 | ||
|---|---|---|---|
| 001 | D2159 | ||
| 008 | 090401t1963 xxu||||| |||| 00| 0 eng d | ||
| 035 | _a(Sirsi) u67704 | ||
| 041 | _aeng | ||
| 050 | _a692.30971 | ||
| 110 |
_aThe Canadian Institute of Quantity Surveyors _91899 |
||
| 245 | _aMethod of measurement of construction works, prepared by the Institute | ||
| 250 | _a2nd | ||
| 260 |
_aToronto _bThe Canadian Institute of Quantity Surve _c1963 |
||
| 300 | _a37p. 23cm | ||
| 350 | _a3 | ||
| 520 | _aFiled at SMM 1963/2B | ||
| 942 | _n0 | ||
| 948 | _c04/03/1997 | ||
| 999 |
_c95041 _d95041 |
||